Management science : Building and using models

Αποθηκεύτηκε σε:
Λεπτομέρειες βιβλιογραφικής εγγραφής
Κύριος συγγραφέας: Knowles, Thomas
Μορφή: Βιβλίο
Γλώσσα:English
Δημοσίευση: Homewood,Illinois : Irwin, 1989
Θέματα:
Ετικέτες: Προσθήκη ετικέτας
Δεν υπάρχουν, Καταχωρήστε ετικέτα πρώτοι!

MARC

LEADER 00000nam a2200000 i 4500
001 1/40056
008 960131s1989 eng d
020 |a 0-256-05682-X 
035 |l 10025158 
040 |a GR-MY-UA  |b gre  |e aacr 
041 0 |a eng 
082 0 |a 658.4034 
100 1 |a Knowles, Thomas. 
245 1 0 |a Management science :  |b Building and using models /  |c Thomas W.Knowles 
260 |a Homewood,Illinois :   |b Irwin,   |c 1989 
300 |a 1036 p. 
500 |a Includes index 
650 0 0 |a Management science. 
650 0 0 |a Management science  |x Case studies. 
852 |a INST  |b CHIOS  |e 19960131  |h 658.4034 KNO  |p 005200001728  |q 005200001728  |t BK  |y 0 
909 |a Χ  |b 040318